Responses for Show #1228 - Wednesday, December 27, 1989

Missing player introductions.

Contestants

[<< previous game]

Leonard Frankfort, a production assistant from

Robert Baker, a pediatrician from Atlantic City, New Jersey

Barry Molitch, a retired stagehand from Incline Village, Nevada (whose 1-day cash winnings total $14,700)

[next game >>]

Jeopardy! Round responses

"P"s & "Q"s
KID STUFF
U.S. CITIES
COUNTRY CLASSICS
HELICOPTERS
POTPOURRI
    $100 15
a pitchfork

Leonard
    $100 20
Sunnybrook Farm

Leonard
    $100 1
(Barry: Uh, what is Providence, Rhode Island?)

New York City

BarryLeonard
    $100 14
(Alex: [Deep voice] My name is [*], yes indeed.)

Johnny Cash

Leonard
    $100 11
a chopper

Leonard
    $100 6
a buzzer

Leonard
    $200 16
a pinch

Robert
    $200 23
the baby bear

Barry
    $200 2
San Jose

Leonard
    $200 27
golden needles

Leonard
    $200 12
the Korean War

Robert
    $200 7
Pete Rozelle

Robert
    $300 17
platelets

Leonard
    $300 24
shrinking

Barry
    $300 3
(Robert: [*]. What is [*]?)

Birmingham

Robert
    $500 28
"Act Naturally"

Leonard
    $300 13
(Leonard: What is China Beach?)
(Robert: What is Magnum?)

(1 of) Airwolf (or Blue Thunder)

BarryRobertLeonard
    $300 8
a knock-knock joke

Leonard
    $400 18
quill

Barry
    $400 25
the Big Bad Wolf

Barry
    $400 4
Indianapolis

Leonard
    $400 29
"Dang Me"

Leonard
    $400 21
(Leonard: What's the gyro?)

the (tail) rotor

RobertLeonard
    $400 9
Sigmund Freud

Robert
    $500 19
a quirt

Triple Stumper
    $500 26
(Alex: Minute to go.)

Peter Rabbit

Barry
    $500 5
(Leonard: What is Chattanooga?)

Memphis

Leonard
Triple Stumper
    $500 30
(1 of) crawfish pie (or a filé gumbo)

Leonard
    $500 22
the Pan Am Building

Leonard
    $500 10
Millie

Robert

Scores at the first commercial break (after clue 14):

Barry Robert Leonard
$200 $1,300 $500

Scores at the end of the Jeopardy! Round:

Barry Robert Leonard
$2,000 $1,900 $2,700

Double Jeopardy! Round responses

PRESIDENTIAL BOOKS
LIBRARIES
THE MOVIES
SCIENTISTS & INVENTORS
RELIGIOUS HISTORY
HAMLET
    $200 22
U.S. Grant

Leonard
    $200 14
Brazil

Leonard
    $200 21
Damn Yankees

Robert
    $200 1
Pasteur

Robert
    $200 6
Ignatius Loyola

Robert
    $200 11
Ophelia

Leonard
    $400 23
John F. Kennedy

Robert
    $400 16
Tokyo

Robert
    $400 2
(Luther) Burbank

Robert
    $400 7
Martin Luther

Robert
    $400 12
(Laurence) Olivier

Robert
    $1,500 24
(Alex: With less than a minute to go in this round.)

Theodore Roosevelt

Robert
    $600 17
Will & Ariel Durant

Barry
    $600 3
Marconi

Leonard
    $600 8
Calvary

Robert
    $600 13
Yorick

Robert
    $800 25
Gerald Ford

Triple Stumper
    $1,500 19
(Alex: Was it a guess?)
(Leonard: [*] or Stanford.)

Harvard

Leonard
    $800 28
[The end-of-round signal sounds.]

Play Misty for Me

Robert
    $800 4
(Leonard: Who is Smithsonian?)

Smithson

RobertLeonard
    $800 9
Gabriel

Leonard
    $800 15
woman

Robert
    $1000 26
Why Not the Best?

Leonard
    $1000 20
Bethesda

Barry
    $1000 27
Longfellow

Triple Stumper
    $1000 5
chemistry

Robert
    $1000 10
(Barry: What is Buddhism?)
(Robert: What is Hinduism?)

Shintoism

BarryRobert
Triple Stumper
    $1000 18
Rosencrantz & Guildenstern

Leonard

Scores at the end of the Double Jeopardy! Round:

Barry Robert Leonard
$2,600 $9,600 $7,400

[wagering suggestions for these scores]

Final Jeopardy! Round responses

WORLD CAPITALS
BarryWhat is Madrid
$2
LeonardWhat is Lisbon?
$7,300
RobertWhat is Lisbon
$6,000
Lisbon, Portugal

Final scores:

Barry Robert Leonard
$2,598 $15,600 $14,700
3rd place: Magnavox portable 3" LCD TV + Nintendo Entertainment System with Family & Junior editions of Jeopardy! & Wheel of Fortune New champion: $15,600 2nd place: Whirlpool range/microwave + Orrefors stemware

Game dynamics:

Coryat scores:

Barry Robert Leonard
$2,600 $8,700 $6,500
8 R,
2 W
22 R
(including 1 DD),
2 W
23 R
(including 2 DDs),
4 W

Combined Coryat: $17,800

[game clues] [game scores] [suggest correction]

Game tape date: 1989-09-11
The J! Archive is created by fans, for fans. Scraping, republication, monetization, and malicious use prohibited; this site may use cookies and collect identifying information. See terms. The Jeopardy! game show and all elements thereof, including but not limited to copyright and trademark thereto, are the property of Jeopardy Productions, Inc. and are protected under law. This website is not affiliated with, sponsored by, or operated by Jeopardy Productions, Inc. Join the discussion at JBoard.tv.